| 000 | 02950cam a2200361 4500500 | ||
|---|---|---|---|
| 005 | 20260329012024.0 | ||
| 041 | _afre | ||
| 042 | _adc | ||
| 100 | 1 | 0 |
_aDjldonou, Anselme _eauthor |
| 700 | 1 | 0 |
_aTognon Tchegnonsi, Francis _eauthor |
| 700 | 1 | 0 |
_aFiossi-Kpadonou, Émilie _eauthor |
| 700 | 1 | 0 |
_aGansou, Grégoire Magloire _eauthor |
| 700 | 1 | 0 |
_aKouassi
Satondji, Raoul _eauthor |
| 700 | 1 | 0 |
_aHers, Denis _eauthor |
| 700 | 1 | 0 |
_aGandaho, Prosper _eauthor |
| 700 | 1 | 0 |
_aAgossou, Thérèse _eauthor |
| 245 | 0 | 0 | _aPréparation de sortie du malade du service de psychiatrie selon le rituel de réconciliation du «sin tun tun» |
| 260 | _c2015. | ||
| 500 | _a49 | ||
| 520 | _aDans l’ère culturelle Aja Fɔn au Bénin, le rituel traditionnel de réconciliation du «Sin Tun Tun» est d’usage courant pour traiter le «FiɔFiɔ» ; troubles physiques et psychologiques du nouveau-né ou du nourrisson pris dans la tourmente conflictuelle des parents géniteurs. Il est également exécuté pour traiter les transactions discordantes entre les individus au sein de la communauté. Son recours populaire pour réconcilier les personnes en conflit a inspiré son adaptation à la préparation de sortie du malade à la fin de sa cure dans le service de psychiatrie du Centre Hospitalier Universitaire Départemental du Borgou (CHUD/B) à Parakou au Bénin et au Centre National Hospitalier Universitaire de Psychiatrie (CNHUP) Cotonou, Bénin. L’objectif de ce travail était de présenter le cadre traditionnel du «Sin Tun Tun» inspirant les temps forts de la préparation de sortie du malade. | ||
| 520 | _aIn cultural era “Aja Fɔn” in Benin, the traditional ritual of reconciliation “Sin Tun Tun” is commonly used to treat “FiɔFiɔ” ; physical and psychological disorders of the newborn or infant burnt by biological parents conflict. It is also performed to treat discordant transactions between individuals within the community. Its popular use to reconcile people in conflict inspired its adaptation to patient discharge planning at the end of his treatment in the psychiatric ward of the University Departmental Hospital of Borgou (CHUD / B) in Parakou in Benin and in University National Hospital Centre of Psychiatry (CNHUP) Cotonou, Benin. The objective of this work was to present the traditional setting of “Sin Tun Tun” inspiring highlights of patient hospital discharge preparation. | ||
| 690 | _a«Fiɔfiɔ» | ||
| 690 | _a«Sin Tun Tun» | ||
| 690 | _aPréparation de sortie | ||
| 690 | _aPsychiatrie-Bénin | ||
| 690 | _arituel de réconciliation | ||
| 690 | _a« Sin Tun Tun» «FiɔFiɔ» | ||
| 690 | _apatient hospital discharge preparation | ||
| 690 | _aPsychiatry-Benin | ||
| 690 | _areconciliation ritual | ||
| 786 | 0 | _nPsy Cause | 68 | 1 | 2015-01-20 | p. 57-62 | 1245-2394 | |
| 856 | 4 | 1 | _uhttps://shs.cairn.info/revue-psy-cause-2015-1-page-57?lang=fr&redirect-ssocas=7080 |
| 999 |
_c1867161 _d1867161 |
||